000 00485nam a22001697a 4500
003 OSt
005 20250214101448.0
008 250213s2013 ag ||||| |||| 00| 1 spa d
020 _a9789876293129
040 _cbesoc
100 1 _aGaleano, Eduardo,
_d1940-2015
_eautor
245 1 0 _aDĂ­as y noches de amor y de guerra /
_cEduardo Galeano
260 _aBuenos Aires :
_bSiglo XXI,
_c2013
300 _a216 p.
650 4 _aLiteratura uruguaya
_vAutobiografĂ­as
_ySiglo XX
942 _2udc
_cOG
_n0
999 _c444
_d444